| 000 | 01266nmm a2200349 a 4500 | ||
|---|---|---|---|
| 003 | AR-BaBNM | ||
| 005 | 20251128211711.0 | ||
| 008 | 155120s2003 ||||||||||||||000 | spa|| | ||
| 020 | _a987-9020-24-3 | ||
| 040 | _cAR-BaBNM | ||
| 100 | 1 | _aWynarczyk, Hilario | |
| 245 | 1 | 0 |
_aDesarrollo humano y sociedad en cinco partidos del conurbano bonaerense _bestudios sobre problemáticas de familia en San Martín, Tigre, San Fernando, San Isidro y Vicente López |
| 250 | _a1ª ed. | ||
| 260 |
_aBuenos Aires _bJorge Baudino Ediciones _c2003 _bUniversidad Nacional de San Martín |
||
| 300 | 0 |
_a130 p. _bgráfs., mapas |
|
| 650 | 4 | _aFAMILIA | |
| 650 | 4 | _aDESARROLLO HUMANO | |
| 650 | 4 | _aMARGINALIDAD SOCIAL | |
| 650 | 4 | _aPOBREZA | |
| 650 | 4 | _aSALUD | |
| 651 | 4 | _aBuenos Aires [Provincia] | |
| 651 | 4 | _aSan Martín [Provincia de Buenos Aires] | |
| 651 | 4 | _aTigre [Provincia de Buenos Aires] | |
| 651 | 4 | _aSan Fernando [Provincia de Buenos Aires] | |
| 651 | 4 | _aSan Isidro [Provincia de Buenos Aires] | |
| 651 | 4 | _aVicente López [Provincia de Buenos Aires] | |
| 700 | 1 | _aCostantino, Mario | |
| 700 | 1 | _aMonteira, Mónica | |
| 710 | 2 |
_aUniversida Nacional de General San Martín _bPrograma de familia y soiedad |
|
| 942 | _cBK | ||
| 998 | _cme-solo cat | ||
| 999 |
_c20775 _d20775 |
||